[Event "GCT Paris Blitz 2021"]
[Site "Paris"]
[Date "2021.06.22"]
[Round "16"]
[White "Caruana, Fabiano"]
[Black "Aronian, Levon"]
[Result "1/2-1/2"]
[WhiteElo "2820"]
[BlackElo "2781"]
[Annotator "TA"]
[PlyCount "155"]
[EventDate "2021.06.21"]
[EventType "tourn"]
[EventCountry "FRA"]
[SourceTitle "playchess.com"]
[Source "ChessBase"]
[SourceQuality "1"]

{[%evp 9,155,-4,8,12,6,5,14,0,0,0,0,0,-10,-4,30,8,5,0,16,0,0,-2,-2,0,0,-12,-11,
-10,-20,-16,-9,-10,-6,-8,0,0,0,-75,-68,-68,-68,-65,-29,-29,-37,-39,-42,-31,-35,
-50,-30,-43,0,-15,-14,-10,-12,-24,-26,-23,-32,-39,0,0,0,0,8,8,10,-87,8,0,0,0,
12,13,33,0,0,0,0,0,55,64,45,55,64,47,285,276,341,243,377,367,360,106,106,106,
106,99,108,78,79,60,60,58,74,53,53,59,100,100,106,100,100,98,118,8,106,106,164,
160,168,168,172,106,107,107,107,107,107,80,80,80,80,8,8,0,0,0,8,8,8,8,8,8,8,8]
} 1. d4 Nf6 2. c4 e6 3. Nc3 Bb4 4. e3 O-O 5. Bd2 c5 6. a3 {E46: Nimzo-Indian:
Rubinstein: 4 e3 0-0 5 Ne2 without early Bd3.} Bxc3 7. Bxc3 Ne4 8. Rc1 b6 9.
Nf3 Bb7 10. Be2 Nxc3 11. Rxc3 {[#]} cxd4 $146 ({Predecessor:} 11... d6 12. O-O
{1/2-1/2 (12) Burmakin,V (2504)-Vorobiov,E (2561) Amantea 2018}) 12. exd4 d6
13. O-O Nd7 {[%cal Bb8d7,Bd7f6,Bf6d5][%mdl 32]} 14. Qd2 Nf6 {...Ne4 is the
strong threat.} 15. Qe3 b5 16. b3 Qa5 17. Qc1 (17. cxb5 $2 Nd5 $19) 17... bxc4
18. bxc4 Rac8 19. h3 {[#]} Nd5 $1 20. Rc2 Nb6 21. Nd2 Rc7 22. c5 Rfc8 {[%cal
Rd6c5]} 23. Nb3 (23. Qb2 $11 dxc5 24. Nb3) 23... Qa4 $17 24. Qe3 {[#]} Bd5 $1
25. Rb1 Nd7 26. Na1 Qa5 {[%cal Rd6c5]} 27. Bb5 Nf6 28. Bf1 dxc5 29. dxc5 Bc6 ({
Wrong is} 29... Rxc5 $2 30. Rxc5 Qd8 31. Rxc8 $18) 30. Rcc1 Rd7 31. Nb3 Qxa3
32. Ra1 Qb4 33. Na5 Bd5 34. c6 Rdc7 35. Ba6 Rd8 36. Rcb1 Qe7 37. Rb7 h6 38.
Qxa7 Ne8 39. Rab1 {[#]} (39. Bf1 $11 {remains equal.}) 39... Rdc8 (39... Bxg2
$1 $17 40. Kxg2 (40. Rxc7 Nxc7) 40... Qg5+ {[%mdl 64] Double Attack} 41. Kh2
Qxa5 42. Rxc7 Qxc7+ 43. Qxc7 Nxc7) 40. Qb6 Qg5 {[%csl Gd5][%cal Rg5g2]} 41. Bf1
Be4 (41... Qd8 {with more complications.} 42. g3 Ra8 43. Rb5 Be4 44. Bg2 Qd1+)
42. Rxc7 Rxc7 (42... Nxc7 {is more complex.} 43. Rb4 Bd5 44. Qa7 Qd8 45. Rb7
Qd6) 43. Re1 Bd5 44. Qb8 Qe7 45. Rb1 g5 (45... Kh7 $11) 46. Rb7 $14 {And now
Rxc7 would win.} Kg7 47. Qa7 h5 48. Qb6 g4 $2 (48... f5 $14) 49. hxg4 $18 h4
50. Qe3 Rxb7 (50... Nd6 $142) 51. cxb7 ({Not} 51. Nxb7 Kg8 $16) 51... Bxb7 {[#]
} 52. Nxb7 (52. Qa7 $1 $18 {is the precise move to win.}) 52... Qxb7 $16 53.
Qg5+ Kf8 54. Qxh4 Qe4 55. Qg5 Qd4 56. Be2 Qa1+ 57. Kh2 Qh8+ 58. Kg3 Qc3+ 59.
Bf3 Qc7+ 60. Kh3 Qc3 61. Qh4 Kg7 62. g5 Nd6 63. Qh6+ Kg8 64. g6 Qh8 (64... Qf6
$16) 65. gxf7+ Nxf7 66. Qxh8+ Kxh8 $18 {[%mdl 4096] Endgame KB-KN} 67. Bg4 ({
White should play} 67. Kh4 $18) 67... Kg7 $16 68. Kh4 Kf6 69. Bh5 {Strongly
threatening Bxf7.} Nd6 70. g4 e5 {[#]} 71. g5+ $1 Kg7 72. Kg4 ({Better is} 72.
Bd1 $16) 72... Kh7 $11 {The position is equal.} 73. Kg3 {Threatens to win with
Bf3.} Ne4+ 74. Kg4 Nxf2+ 75. Kf5 Kg7 76. Kxe5 Nh3 77. Kf5 Nxg5 78. Kxg5 {
Blacks defense is rewarded with a draw.  Weighted Error Value: White=0.18/
Black=0.21} 1/2-1/2

[Event "GCT Paris Blitz 2021"]
[Site "Paris"]
[Date "2021.06.22"]
[Round "16"]
[White "Nepomniachtchi, Ian"]
[Black "Kramnik, Vladimir"]
[Result "1/2-1/2"]
[WhiteElo "2792"]
[BlackElo "2753"]
[Annotator "TA"]
[PlyCount "35"]
[EventDate "2021.06.21"]
[EventType "tourn"]
[EventCountry "FRA"]
[SourceTitle "playchess.com"]
[Source "ChessBase"]
[SourceQuality "1"]

{[%evp 9,35,21,16,-24,6,0,0,0,0,0,0,0,0,0,0,0,0,0,7,0,5,0,2,0,0,0,0,0]} 1. e4
e5 2. Nf3 Nc6 3. Bb5 Nf6 4. O-O Nxe4 5. d4 Nd6 6. Ba4 {C67: Ruy Lopez: Berlin
Defence: 4 0-0 Nxe4.} e4 7. Ne5 {The position is equal.} g6 8. Nc3 Bg7 9. Re1
O-O 10. Nxe4 Nxe4 11. Rxe4 {[#]} Qe7 $146 {[#] Strongly threatening ...d6.} ({
Predecessor:} 11... Nxe5 12. dxe5 d6 13. exd6 Bf5 14. Rb4 a5 15. Rxb7 Qh4 16.
Bc6 cxd6 17. g3 Qc4 {1-0 (50) Shevchenko,K (2599)-Antipov,M (2609) Tornelo INT
2021}) 12. Re1 {And now Nxc6 would win.} Nxe5 13. dxe5 Bxe5 14. c3 {Hoping for
f4.} Qc5 15. Be3 Qe7 16. Bc1 {[#] Black must now prevent f4.} Qc5 17. Be3 Qe7
18. Bc1 {A rather calm draw.  Weighted Error Value: White=0.05/Black=0.02}
1/2-1/2

[Event "GCT Paris Blitz 2021"]
[Site "Paris"]
[Date "2021.06.22"]
[Round "16"]
[White "So, Wesley"]
[Black "Firouzja, Alireza"]
[Result "1-0"]
[WhiteElo "2770"]
[BlackElo "2759"]
[Annotator "TA"]
[PlyCount "57"]
[EventDate "2021.06.21"]
[EventType "tourn"]
[EventCountry "FRA"]
[SourceTitle "playchess.com"]
[Source "ChessBase"]
[SourceQuality "1"]

{[%evp 13,57,4,12,22,19,11,16,20,13,-10,0,-10,20,16,0,0,0,0,6,-18,-22,-29,5,5,
5,11,15,-6,9,11,27,19,17,10,11,13,27,27,31,32,26,31,42,0,520,528]} 1. d4 Nf6 2.
c4 e6 3. Nc3 Bb4 4. e3 O-O 5. Bd3 d5 6. a3 Bxc3+ 7. bxc3 c6 8. Ne2 {8.Nf3 is
vanishing. E49: Nimzo-Indian: Rubinstein: 5 Bd3 d5 6 a3 Bxc3+ 7 bxc3.} b6 9.
cxd5 cxd5 10. f3 {The position is equal. 10.c4 is becoming the main line.} Ba6
11. e4 $5 {[%mdl 4] Leaves trodden paths.} Bxd3 12. Qxd3 Qc8 13. O-O Qa6 14.
Qc2 $5 {[%mdl 4] Exploring less charted territory.} Nc6 15. Bg5 {Threatens to
win with Bxf6.} Ne8 {[#]} 16. Bh4 $146 ({Predecessor:} 16. Bf4 Rc8 17. exd5
exd5 18. Rfe1 Qc4 19. Qa2 Nf6 20. Bg5 Qxa2 21. Rxa2 Nd7 22. Ng3 {1/2-1/2 (30)
Habermehl,T (2522)-Lukez,F (2549) ICCF corr 1999}) 16... Qc4 17. e5 f6 18. exf6
Nxf6 19. Qd2 Rae8 20. Rfe1 Nd7 21. Bg3 e5 22. dxe5 Ndxe5 23. Nf4 d4 24. Rac1 d3
25. Re4 Qc5+ 26. Kh1 {[#] aiming for Qa2+.} Qxa3 {Black wants to play ...Na5.}
27. Rce1 Qd6 28. h4 {[%mdl 1024] White has compensation.} Qh6 $2 {[%mdl 8192]}
(28... Qd7 $11 {and Black is okay.}) 29. Qa2+ {Weighted Error Value: White=0.
05/Black=0.45} 1-0

[Event "GCT Paris Blitz 2021"]
[Site "Paris"]
[Date "2021.06.22"]
[Round "16"]
[White "Rapport, Richard"]
[Black "Vachier-Lagrave, Maxime"]
[Result "1/2-1/2"]
[WhiteElo "2763"]
[BlackElo "2760"]
[Annotator "TA"]
[PlyCount "122"]
[EventDate "2021.06.21"]
[EventType "tourn"]
[EventCountry "FRA"]
[SourceTitle "playchess.com"]
[Source "ChessBase"]
[SourceQuality "1"]

{[%evp 14,122,37,18,17,9,50,51,67,64,67,66,77,78,81,83,89,81,112,107,148,144,
131,101,184,180,193,200,190,197,176,161,191,152,230,223,271,260,241,221,221,
222,273,152,165,151,261,117,120,116,127,120,141,132,135,119,126,124,169,169,
163,167,161,161,164,164,173,161,157,162,162,154,161,156,158,137,138,106,116,
109,112,103,122,85,80,64,74,14,14,8,8,8,8,8,8,8,8,8,11,0,0,0,0,0,0,0,0,0,0,0,0]
} 1. Nf3 Nf6 2. c4 g6 3. Nc3 d5 4. cxd5 Nxd5 5. e4 Nxc3 6. dxc3 Qxd1+ 7. Kxd1
Nd7 8. Bf4 Nc5 {A16: English Opening: 1...Nf6 with ...d5.} 9. Nd2 Bg7 10. Be3
Ne6 {White is slightly better.} 11. Kc2 Bd7 12. Bc4 {[#]} b5 $146 ({
Predecessor:} 12... a6 13. Rhd1 O-O-O 14. f4 h6 15. g4 Rde8 16. h4 Nd8 17. Rg1
h5 18. g5 Rhf8 {1/2-1/2 (66) Kuchta,J (2215)-Rychtecky,P (2200) ICCF email 2004
}) 13. Bd5 c6 14. Bb3 a5 15. a4 Nd8 16. Rhd1 e6 17. Nf3 Nb7 18. e5 Bf8 (18...
h6 $16 {was called for.}) 19. Ng5 $18 {Nxf7! is the strong threat.} Bc5 {[#]}
20. Nxf7 $1 {[%mdl 512]} Rf8 21. Nd6+ Bxd6 22. exd6 b4 23. f3 c5 (23... e5 $16
{was worth a try.} 24. Bc4 Rf6 25. cxb4 axb4) 24. Bc4 Rf6 25. b3 Bc6 26. Rd2
Kd7 27. Re1 {Black must now prevent Bg5.} Re8 28. Ba6 (28. Bg5 $18 Rf5 29. Be7)
28... Rf5 29. Bf2 e5 (29... bxc3 $16 30. Rd3 (30. Kxc3 Nxd6 31. Bg3 Rd5 $16)
30... Nxd6) 30. Bxb7 (30. Bd3 $18) 30... Bxb7 $16 31. Bxc5 bxc3 32. Rde2 ({
Weaker is} 32. Kxc3 Rc8 $17) 32... e4 33. Ba3 Rh5 34. h3 Rhe5 35. Kxc3 e3 {
[#] intending ...Ba6.} 36. Bc1 $1 Kxd6 37. Rxe3 Rxe3+ 38. Bxe3 $18 {[%mdl 4096]
Endgame KRB-KRB} Kc6 {[#]} 39. Rc1 $1 Ba6 (39... Re6 40. Bf4) 40. Kd4+ Kb7 41.
Rc5 Rd8+ {[#]} 42. Ke4 $1 Rd3 43. Rxa5 Rxb3 44. Re5 Bf1 45. g4 Bxh3 46. Re7+
Kc6 47. Rxh7 Bf1 48. Rg7 Bd3+ 49. Kd4 Bb1 {Black wants to play ...Rd3+.} 50.
Bf4 (50. Re7 $16) 50... Rxf3 $11 {The position is equal.} 51. Ke5 Ra3 52. Ra7
Kb6 53. Ra8 Kb7 54. Ra5 {Strongly threatening Rb5+.} Bc2 55. Rb5+ Ka6 56. Rd5 (
56. Rc5 {with more complications.} Bxa4 57. Rd5 Bc2 58. Rd2 Rc3 59. Kf6) 56...
Rxa4 {Threatens to win with ...Re4+.} 57. Rd6+ Kb5 {And now ...Re4+ would win.}
58. Rd4 Rxd4 59. Kxd4 g5 60. Bxg5 Bd1 61. Bf4 $1 Bxg4 {Blacks defense is
rewarded with a draw.  Weighted Error Value: White=0.13/Black=0.12} 1/2-1/2

[Event "GCT Paris Blitz 2021"]
[Site "Paris"]
[Date "2021.06.22"]
[Round "17"]
[White "Aronian, Levon"]
[Black "Radjabov, Teimour"]
[Result "0-1"]
[WhiteElo "2781"]
[BlackElo "2765"]
[Annotator "TA"]
[PlyCount "60"]
[EventDate "2021.06.21"]
[EventType "tourn"]
[EventCountry "FRA"]
[SourceTitle "playchess.com"]
[Source "ChessBase"]
[SourceQuality "1"]

{[%evp 15,60,3,15,0,0,0,42,8,10,0,0,0,0,0,0,-10,-16,-33,-57,-56,-45,-73,-58,
-112,-113,-126,-127,-138,-137,-191,-173,-290,-291,-290,-241,-296,-269,-347,
-350,-337,-329,-822,-789,-2080,-1397,-29992,-29986]} 1. d4 Nf6 2. Nf3 d6 3. g3
Nbd7 4. Bg2 e5 5. c4 c6 6. Nc3 e4 7. Ng5 d5 8. cxd5 cxd5 9. O-O {A54: Old
Indian Defence with Nf3, but without e4.} h6 10. Nh3 Nb6 11. f3 {White is
slightly better.} exf3 {[#]} 12. Rxf3 $146 ({Predecessor:} 12. exf3 Be7 13. Nf2
O-O 14. Nd3 Bf5 15. Ne5 Rc8 16. Be3 Nc4 17. Nxc4 dxc4 18. Qd2 {0-1 (42)
Bolkvadze,T (1611)-Naqopia,G (1680) Poti 2019}) 12... Be7 13. Nf4 O-O 14. a4 a5
15. Qb3 Bb4 16. Rf2 Bxc3 17. bxc3 Re8 18. Rb1 Ra6 {[%cal Ba8a6,Ba6c6,Bc6c8]
[%mdl 32]} 19. Nd3 (19. Qa2 $15) 19... Nc4 $17 {[%cal Bb6c4,Bc4d6,Bd6e4][%mdl
32]} 20. Qa2 Rc6 21. Rb5 Nd6 22. Rxd5 {[#]} (22. Bxd5 $17 Nxd5 23. Rxd5) 22...
Be6 $1 $19 {[%mdl 64] Pin} 23. c4 (23. Nc5 {was called for.} Nxd5 24. Bxd5 Rxc5
{[%mdl 64] Double Attack} 25. Bxe6 (25. dxc5 Ne4 $17 {[%mdl 64] Double Attack})
25... Rxe6 26. dxc5) 23... Bxd5 ({Weaker is} 23... Nxd5 24. cxd5 Rxc1+ 25. Nxc1
$11) 24. cxd5 Rc8 25. Bd2 Nde4 26. Rf5 Qb6 27. e3 Qa6 28. Ne5 {[#]} (28. Bf1
Qc4 29. Qxc4 Rxc4 30. Bxa5) 28... Qe2 29. Rxf6 gxf6 30. Qb2 Qd1+ {Weighted
Error Value: White=0.98/Black=0.30} 0-1

[Event "GCT Paris Blitz 2021"]
[Site "Paris"]
[Date "2021.06.22"]
[Round "17"]
[White "So, Wesley"]
[Black "Rapport, Richard"]
[Result "1/2-1/2"]
[WhiteElo "2770"]
[BlackElo "2763"]
[Annotator "TA"]
[PlyCount "27"]
[EventDate "2021.06.21"]
[EventType "tourn"]
[EventCountry "FRA"]
[SourceTitle "playchess.com"]
[Source "ChessBase"]
[SourceQuality "1"]

{[%evp 23,27,0,1,0,0,0]} 1. e4 e5 2. Nf3 Nc6 3. Bb5 Nf6 4. O-O Nxe4 5. d4 Nd6
6. dxe5 Nxb5 7. a4 Nbd4 8. Nxd4 d5 9. exd6 Nxd4 10. Qxd4 Qxd6 11. Qe4+ Qe6 12.
Qd4 Qd6 {[#]} 13. Qe4+ $146 {C67: Ruy Lopez: Berlin Defence: 4 0-0 Nxe4.} ({
Predecessor:} 13. Qe3+ Be7 14. Nc3 c6 15. Ne4 Qg6 16. Nc5 Qd6 17. Re1 b6 18.
Ne4 Qe5 19. a5 bxa5 20. Rxa5 Qc7 21. Rg5 Kf8 22. Rxg7 h6 23. Qd4 Be6 24. Rg6
fxg6 25. Qxh8+ {1-0 (25) Abdusattorov,N (2627)-Nakamura,H (2736) Chess.com INT
2021}) 13... Qe6 14. Qd4 {Not much happened in this game. Not enough moves}
1/2-1/2

[Event "GCT Paris Blitz 2021"]
[Site "Paris"]
[Date "2021.06.22"]
[Round "17"]
[White "Firouzja, Alireza"]
[Black "Nepomniachtchi, Ian"]
[Result "1-0"]
[WhiteElo "2759"]
[BlackElo "2792"]
[Annotator "TA"]
[PlyCount "101"]
[EventDate "2021.06.21"]
[EventType "tourn"]
[EventCountry "FRA"]
[SourceTitle "playchess.com"]
[Source "ChessBase"]
[SourceQuality "1"]

{[%evp 16,101,14,12,12,3,10,14,2,8,14,17,28,25,29,25,27,21,31,40,80,87,93,84,
147,147,259,268,267,257,262,256,271,262,266,259,256,189,189,189,187,189,195,
194,189,194,188,199,249,249,233,218,208,176,195,195,183,121,124,119,112,102,
166,166,186,186,1866,1851,1851,1851,1851,1789,1525,1525,5422,3064,2849,1770,
29972,29973,29974,29975,29975,29975,29975,29976,29958,12836]} 1. e4 e6 2. d4 d5
3. Nc3 Nf6 4. e5 Nfd7 5. f4 c5 6. Nf3 Nc6 7. Be3 a6 8. a3 cxd4 9. Nxd4 Bc5 {
C11: French: Classical System: 4 e5 and 4 Bg5 dxe4.} 10. Be2 O-O 11. Qd2 Nxd4 {
The position is equal.} 12. Bxd4 b5 13. Bf3 {[#]} Qb6 $146 ({Predecessor:} 
13... Bb7 14. Ne2 Rc8 15. O-O Qb6 16. c3 a5 17. Bg4 Rc7 18. Kh1 Bxd4 19. Nxd4
b4 20. axb4 axb4 21. cxb4 {1-0 (36) Wierzbicka,W (1940)-Platek,M (1921) Krakow
2006}) 14. Ne2 {[%cal Bc3e2,Be2d4,Bd4f5,Bf5d6][%mdl 32]} a5 15. O-O Bxd4+ 16.
Nxd4 Nc5 17. Qe3 Bb7 18. f5 exf5 19. Nxf5 Rae8 (19... Na4 $142) 20. b4 $1 $16 {
[%cal Rb4c5,Bb2b4,Bb4a5][%mdl 32]} Na4 (20... axb4 $16 21. axb4 Nd7) 21. Qxb6
$18 Nxb6 22. Nd6 ({Don't do} 22. bxa5 $6 Nc4 $18) 22... Re7 23. bxa5 Nc4 24.
Nxb7 Rxb7 25. Bxd5 Rd7 26. Bc6 Rc7 27. Bxb5 Nxa5 28. c4 Rfc8 29. Rf4 g6 30. a4
Re7 31. Re4 Rc5 32. Rd1 Rcxe5 33. Rxe5 Rxe5 {[%mdl 4096] Endgame KRB-KRN} 34.
Rd5 Re2 35. c5 Rc2 {[#]} 36. h4 ({White should try} 36. Rd8+ $1 $18 Kg7 37. c6)
36... Kg7 $16 37. h5 gxh5 38. Rxh5 Nb7 (38... h6 $16) 39. c6 Na5 {[#]} 40.
Rxh7+ $3 {[%mdl 576] Decoy} Kxh7 $2 (40... Kf6 41. g4 Ke6) 41. Bd3+ $18 {
[%mdl 64] Double Attack} Kg7 42. Bxc2 {White threatens c7 and mate.} Nxc6 {
KB-KN} 43. Be4 Na5 44. Kf2 Nc4 45. Bd5 Nb6 46. Bb3 f5 47. a5 {[%cal Ba4a5,
Ba5a6][%mdl 32] White mates.} Nc8 48. Be6 Ne7 49. a6 Nc6 50. Bxf5 Kf6 51. Bd3 {
Weighted Error Value: White=0.05/Black=0.31} 1-0

[Event "GCT Paris Blitz 2021"]
[Site "Paris"]
[Date "2021.06.22"]
[Round "17"]
[White "Kramnik, Vladimir"]
[Black "Caruana, Fabiano"]
[Result "1/2-1/2"]
[WhiteElo "2753"]
[BlackElo "2820"]
[Annotator "TA"]
[PlyCount "79"]
[EventDate "2021.06.21"]
[EventType "tourn"]
[EventCountry "FRA"]
[SourceTitle "playchess.com"]
[Source "ChessBase"]
[SourceQuality "1"]

{[%evp 12,79,26,8,24,10,25,10,9,17,19,0,0,0,0,0,0,0,0,-6,0,0,0,-7,-14,-20,-23,
-25,-18,-15,22,25,30,0,0,0,10,10,10,10,8,8,119,122,133,130,166,158,153,112,150,
119,159,139,145,128,155,144,231,229,302,281,316,313,358,258,351,330,2654,2430]
} 1. e4 e5 2. Nf3 Nc6 3. Bc4 Nf6 4. d3 h6 5. O-O Bc5 6. c3 d6 $1 {6...d6
scores better than 6...0-0.} 7. Re1 Bb6 {C54: Giuoco Piano: 4 c3 Nf6, main
lines with 5 d4 and 5 d3.} 8. a4 a5 9. Nbd2 O-O {The position is equal.} 10. h3
Ne7 11. d4 Nc6 {[%cal Re5d4]} 12. dxe5 Nxe5 13. Nxe5 dxe5 {[#]} 14. Bf1 $146 ({
Predecessor:} 14. Qe2 Qe7 15. Bb3 c6 16. Nc4 Bc7 17. Bc2 Be6 18. b3 Rfd8 19.
Ba3 Qe8 20. Red1 Rxd1+ 21. Rxd1 Bxc4 22. Qxc4 {1/2-1/2 (35) Xu,Y (2536)-Xiang,
Z (2409) Xingtai 2018}) 14... Be6 15. Qc2 Nd7 16. Nc4 Bc5 17. Rd1 Qh4 18. Be3
Bxe3 19. Nxe3 Nc5 {...Bb3 is the strong threat.} 20. Bc4 Rae8 21. Bxe6 Rxe6 22.
Rd5 Nxe4 23. Re1 Nd6 24. Rxa5 c6 25. Nf5 Nxf5 26. Qxf5 Rf6 (26... Qc4 $11) 27.
Qc2 $16 e4 {[#]} 28. Re5 ({Inferior is} 28. Rxe4 Rxf2 29. Qxf2 Qxe4 $11) 28...
e3 29. R1xe3 Rd6 30. Re8 Rd8 31. Rxf8+ Rxf8 {[%mdl 4096] Endgame KQR-KQR} 32.
Qe4 Qd8 33. g3 g6 34. Kg2 h5 (34... Qa8 $16 35. Kh2 b5) 35. b4 $18 Qd7 36. a5
Rd8 37. c4 Kg7 38. Qe7 Kg8 39. Qf6 {Strongly threatening Re7.} Qd4 $2 {[#]} (
39... Re8 40. Qf3 Rxe3 41. Qxe3 Kh7) 40. Re8+ $1 {[%mdl 33344] Double Attack. 
Weighted Error Value: White=0.09/Black=0.26. An unexpected result.} 1/2-1/2

[Event "GCT Paris Blitz 2021"]
[Site "Paris"]
[Date "2021.06.22"]
[Round "17"]
[White "Svidler, Peter"]
[Black "Vachier-Lagrave, Maxime"]
[Result "1/2-1/2"]
[WhiteElo "2714"]
[BlackElo "2760"]
[Annotator "TA"]
[PlyCount "138"]
[EventDate "2021.06.21"]
[EventType "tourn"]
[EventCountry "FRA"]
[SourceTitle "playchess.com"]
[Source "ChessBase"]
[SourceQuality "1"]

{[%evp 13,138,11,47,36,63,56,73,66,98,104,102,99,104,98,102,99,107,104,110,100,
126,118,115,110,122,114,121,118,135,134,135,128,133,127,140,131,137,133,156,
156,156,145,153,145,145,156,156,156,156,156,156,156,156,138,165,165,166,165,
165,165,165,142,150,135,135,135,135,135,135,135,135,135,135,135,135,135,135,
135,135,135,135,0,135,135,325,325,441,328,654,581,660,138,138,135,135,0,0,0,
135,135,135,83,135,83,135,135,135,135,135,135,135,135,135,135,135,0,0,0,0,0,0,
0,0,0,0,0,0]} 1. e4 c5 2. Nc3 Nc6 3. Bb5 Nd4 4. Nf3 g6 5. O-O Bg7 6. Nxd4 cxd4
7. Ne2 a6 8. Ba4 {[#] B31: Sicilian: 2...Nc6 3 Bb5 g6.} d3 $146 ({Predecessor:
} 8... e6 9. d3 Ne7 10. Bf4 b5 11. Bb3 d5 12. f3 e5 13. Bg5 f6 14. Bd2 Bb7 {
1/2-1/2 (30) Chigaev,M (2613)-Wei,Y (2733) Moscow 2019}) 9. cxd3 Nf6 10. f3 {
White is better.} O-O 11. d4 d5 12. d3 Bd7 13. Bb3 Bc6 14. Be3 Rc8 15. Qd2 e6
16. Rac1 Qb6 17. Rc3 a5 18. Rfc1 Ra8 19. a3 a4 20. Bd1 Rfe8 21. e5 Nd7 22. f4
f6 23. h4 h5 24. Kh2 f5 25. Ng1 Bf8 26. Nf3 Be7 27. Qf2 Nf8 28. R3c2 Rec8 29.
Bd2 Bd7 30. Rxc8 Rxc8 31. Rxc8 Bxc8 32. Bc3 ({Stronger than} 32. Bxa4 Qxb2 33.
Be3 Qxf2 $11) 32... Bd7 33. Kg3 Kf7 34. Qd2 Nh7 35. Kf2 Bc6 36. g3 Ke8 37. Ne1
{[%cal Bf3e1,Be1c2,Bc2b4][%mdl 32]} Nf8 38. Nc2 Nd7 39. Bb4 Bxb4 40. Qxb4 ({
Of course not} 40. Nxb4 $6 Qxd4+ 41. Kg2 Bb5 $11) 40... Qxb4 41. Nxb4 $16 {
[%mdl 4096] Endgame KBN-KBN} Bb5 42. Ke3 Nb8 43. Na2 Bc6 44. Kd2 Na6 45. Kc3 b5
46. Nb4 Nb8 47. Na2 Na6 48. Nc1 Ke7 $2 (48... Kd7 $16 49. Na2 Kd8) 49. b3 $1
$18 {[%cal Rb3a4]} axb3 50. Nxb3 Be8 $2 (50... b4+ 51. axb4 Ba4) 51. Nc5 Nb8
52. Nb7 $2 (52. Kb4 $18 {is the precise move to win. Black must now prevent
Ka5.} Bc6 53. Ka5) 52... Bc6 $16 53. Nd6 {And now Kb4 would win.} Na6 54. Nc8+
(54. Kb3 $16) 54... Kd8 $11 55. Nd6 Kc7 (55... Ke7 $11) 56. Bc2 Bd7 57. Kb2 (
57. Bb3 $142) 57... Kb6 {[#]} ({Better is} 57... b4) 58. Bd1 (58. Kb3 $142 $1)
58... Nb8 (58... b4 $142) 59. Kc3 Nc6 60. Nf7 Be8 {[#]} 61. Ng5 $1 {[%cal
Rg5e6]} Bd7 62. Nf3 Be8 63. Nd2 Na5 64. Nb3 (64. Bf3 $16) 64... Nxb3 $1 {
The position is equal.} 65. Bxb3 Ka5 66. Bd1 Bd7 67. Bc2 Be8 68. Bd1 Bd7 69.
Bc2 Be8 {White really could win this.  Weighted Error Value: White=0.24/
Black=0.23} 1/2-1/2

[Event "GCT Paris Blitz 2021"]
[Site "Paris"]
[Date "2021.06.22"]
[Round "18"]
[White "Caruana, Fabiano"]
[Black "Firouzja, Alireza"]
[Result "1-0"]
[WhiteElo "2820"]
[BlackElo "2759"]
[Annotator "TA"]
[PlyCount "129"]
[EventDate "2021.06.21"]
[EventType "tourn"]
[EventCountry "FRA"]
[SourceTitle "playchess.com"]
[Source "ChessBase"]
[SourceQuality "1"]

{[%evp 9,129,8,25,14,16,0,20,0,0,-3,0,0,0,-8,-8,-20,-25,-30,-17,-41,-28,-40,58,
55,53,56,56,49,51,52,116,110,130,112,110,124,120,101,94,40,50,42,37,29,21,19,
127,127,127,109,121,91,116,88,101,91,120,115,111,119,120,120,120,103,239,239,
247,245,244,234,242,236,229,142,144,154,145,140,402,397,349,373,504,503,5147,
563,1776,544,523,501,515,501,769,704,1670,1403,1362,1250,4879,3975,29954,2002,
29962,29963,29994,29948,6199,5965,5422,5173,29969,29968,29976,29977,29976,
29978,29978,29979,29978,29980,29995,29996]} 1. e4 c5 2. Nf3 Nc6 3. Bb5 e6 4.
Bxc6 bxc6 5. b3 d5 6. e5 {B30: Sicilian: 2...Nc6 3 Bb5, lines without ...g6.}
Ne7 7. d3 {[#]} Qc7 $146 ({Predecessor:} 7... Ng6 8. h4 h5 9. Bb2 Be7 10. c4 f6
11. g3 fxe5 12. Nxe5 Nxe5 13. Bxe5 Bf6 {1-0 (36) Rambaldi,F (2547)-Kuzubov,Y 
(2641) Douglas 2015}) 8. Qe2 {The position is equal.} Nf5 9. O-O Nd4 10. Nxd4
cxd4 11. Nd2 {[%cal Bb1d2,Bd2f3,Bf3h2,Bh2g4][%mdl 32]} c5 12. Nf3 h6 13. h4 Be7
14. Bf4 Bb7 15. Bg3 g5 (15... O-O $15) 16. h5 $14 O-O-O 17. Nh2 Kb8 18. Ng4 Rc8
19. f3 c4 (19... Ka8 $14) 20. Bf2 $16 cxd3 21. cxd3 Qc2 22. Qxc2 Rxc2 23. Bxd4
Ba6 24. Rfc1 ({White should try} 24. Rfd1 $16) 24... Bxd3 $14 25. Rxc2 Bxc2 26.
Rc1 Bf5 27. Bxa7+ Kb7 (27... Kxa7 $11 28. Rc7+ {[%mdl 64] Double Attack} Kb6
29. Rxe7 Bxg4 30. fxg4 Kc5) 28. Bd4 $16 Ba3 29. Rf1 Ka6 30. Ne3 Bd3 31. Rf2 Rc8
32. Ng4 Bf8 33. f4 gxf4 34. Rxf4 Be2 35. Kf2 Rc2 36. Kg3 Rd2 (36... Rc7 $16 {
was worth a try.}) 37. Be3 $18 Rd3 {[#] And now ...Bxg4 would win.} 38. Kf2 ({
Inferior is} 38. Rxf7 Bb4 $11) 38... Bd1 39. Rxf7 {Threatens to win with Nf6.}
Bxg4 40. Rxf8 Bxh5 41. Bxh6 {[%mdl 4096] Endgame KRB-KRB} Rc3 42. Rb8 Rc2+ 43.
Kg3 Bg6 $2 {[%mdl 8192] [#] This costs Black the game.} (43... Ka7 $16 44. Rf8
Rxa2) 44. Be3 $1 Be4 45. b4 Rc3 {...d4 is the strong threat.} 46. Kf4 {
Strongly threatening b5+.} Rc4 (46... Bxg2 $142 47. b5+ Ka5) 47. Rb6+ {[%mdl
64] Double Attack} Ka7 48. Rxe6+ (48. Rc6+ $142 Kb7 49. Rxc4) 48... Kb7 49. Bc5
Bb1+ 50. Kg5 d4 (50... Bxa2 $142 51. Rd6 Re4) 51. Rd6 d3 52. e6 Re4 53. Kf6
Bxa2 54. e7 Bc4 55. g4 (55. Rd4 $142 Re6+ 56. Kf7 Bb3 57. Rxd3 Bc4 58. Rd4 Bb3
59. e8=Q Re5+ 60. Kf8 Rxe8+ 61. Kxe8) 55... Re2 56. g5 Rf2+ 57. Kg6 Re2 58. Rd8
Bb5 59. Kf7 d2 60. g6 {White mates.} Ba4 61. g7 d1=Q 62. Rxd1 Bxd1 63. e8=Q
Bb3+ 64. Kf8 Rf2+ 65. Bxf2 {Weighted Error Value: White=0.21/Black=0.25} 1-0